[Event "Florianopolis op 3rd"]
[Site "Florianopolis"]
[Date "2017.01.26"]
[Round "10"]
[White "Rodrigues, Nei Jorge"]
[Black "De Paula, Patrick Borges"]
[Result "0-1"]
[WhiteElo "2012"]
[BlackElo "1809"]
[PlyCount "124"]
[EventDate "2017.01.20"]
[EventType "swiss"]
[EventRounds "10"]
[EventCountry "BRA"]
[SourceTitle "CBM 176 Extra"]
[Source "ChessBase"]
[SourceDate "2017.03.02"]
[SourceVersion "1"]
[SourceVersionDate "2017.03.02"]
[SourceQuality "1"]

1. d4 Nf6 2. Nf3 e6 3. g3 b6 4. Bg2 Bb7 5. 0-0 d5 6. c4 c6 7. Nbd2 Nbd7 8. b3 Be7 9. Bb2 0-0 10. Rc1 Rc8 11. Ne5 c5 12. e3 a6 13. Qe2 Qc7 14. cxd5 Nxe5 15. d6 Nf3+ 16. Nxf3 Qxd6 17. Ba3 Qb8 18. Rfd1 Rfd8 19. dxc5 Rxd1+ 20. Qxd1 bxc5 21. Qe2 Qa8 22. Ne1 a5 23. Bxb7 Qxb7 24. Qc4 a4 25. b4 Ne4 26. bxc5 Bxc5 27. Qc2 Nxf2 28. Kxf2 Bxe3+ 29. Kxe3 Rxc2 30. Rxc2 h6 31. Nd3 Qb1 32. Rb2 Qg1+ 33. Rf2 Qh1 34. Bb4 Qd5 35. a3 g5 36. Bc3 f5 37. Rb2 Qe4+ 38. Kd2 Qg2+ 39. Kc1 Qg1+ 40. Ne1 Qe3+ 41. Kc2 Qe2+ 42. Kb1 Qd1+ 43. Ka2 Qd5+ 44. Ka1 f4 45. gxf4 gxf4 46. Rg2+ Kf7 47. Rg7+ Kf8 48. Nc2 Qb3 49. Rc7 Ke8 50. Bb4 Qh3 51. Kb2 f3 52. Re7+ Kd8 53. Rf7 Qh5 54. Rf8+ Kc7 55. Kc3 Qe5+ 56. Nd4 f2 57. Rf7+ Kc8 58. Rf8+ Kb7 59. Rf7+ Kb6 60. Kd3 Qxh2 61. Ke2 Qh5+ 62. Rf3 Qe5+ 0-1

[Event "Florianopolis op 3rd"]
[Site "Florianopolis"]
[Date "2017.01.21"]
[Round "3"]
[White "De Paula, Patrick Borges"]
[Black "Fonseca, Luis Ernesto Serra"]
[Result "0-1"]
[WhiteElo "1809"]
[BlackElo "1976"]
[PlyCount "84"]
[EventDate "2017.01.20"]
[EventType "swiss"]
[EventRounds "10"]
[EventCountry "BRA"]
[SourceTitle "CBM 176 Extra"]
[Source "ChessBase"]
[SourceDate "2017.03.02"]
[SourceVersion "1"]
[SourceVersionDate "2017.03.02"]
[SourceQuality "1"]

1. e4 c5 2. Nc3 g6 3. f4 Bg7 4. Nf3 Nc6 5. Bb5 Nd4 6. Bc4 e6 7. d3 Ne7 8. Nxd4 cxd4 9. Ne2 0-0 10. 0-0 d5 11. Bb3 e5 12. fxe5 Bxe5 13. Bh6 Re8 14. Qe1 a5 15. a4 Ra6 16. Qf2 f6 17. Nf4 Be6 18. Nxe6 Rxe6 19. exd5 Nxd5 20. Qf3 Rd6 21. Rae1 Kh8 22. Kh1 Qd7 23. Bc4 Qd8 24. Bb5 Re7 25. g4 g5 26. h4 Bf4 27. Rxe7 Qxe7 28. Bc4 Ne3 29. Re1 Rd8 30. c3 Qd7 31. Rxe3 dxe3 32. d4 Qxa4 33. Bg7+ Kxg7 34. Qxb7+ Qd7 35. Qe4 Re8 36. Qf3 Re7 37. b3 a4 38. b4 Qc7 39. Qd5 Qxc4 40. Qxc4 e2 41. Qxe2 Rxe2 42. c4 a3 0-1

[Event "Florianopolis op 3rd"]
[Site "Florianopolis"]
[Date "2017.01.21"]
[Round "2"]
[White "Sato, Luiz Henrique Yuzo"]
[Black "De Paula, Patrick Borges"]
[Result "0-1"]
[WhiteElo "1542"]
[BlackElo "1809"]
[PlyCount "78"]
[EventDate "2017.01.20"]
[EventType "swiss"]
[EventRounds "10"]
[EventCountry "BRA"]
[SourceTitle "CBM 176 Extra"]
[Source "ChessBase"]
[SourceDate "2017.03.02"]
[SourceVersion "1"]
[SourceVersionDate "2017.03.02"]
[SourceQuality "1"]

1. d4 Nf6 2. Nf3 e6 3. Bf4 b6 4. e3 Bb7 5. Bd3 d5 6. Nbd2 Bd6 7. Bg3 Nbd7 8. c3 Qe7 9. Qe2 Ne4 10. Bxd6 cxd6 11. Ba6 Bxa6 12. Qxa6 0-0 13. Nxe4 dxe4 14. Nd2 f5 15. Qa3 Rf6 16. Nc4 e5 17. 0-0-0 exd4 18. Rxd4 Qf8 19. Rxd6 Nc5 20. Rxf6 Qxf6 21. Rd1 Nd3+ 22. Kc2 b5 23. Nd6 b4 24. Qb3+ Kf8 25. Nb5 bxc3 26. Nxc3 Qe5 27. f3 Rb8 28. Qa3+ Kg8 29. b3 Rc8 30. b4 Qxh2 31. Rd2 Qb8 32. Qb3+ Kf8 33. a3 Qe5 34. Rd1 a5 35. Kd2 Rd8 36. Ke2 Qg3 37. Rf1 Qxg2+ 38. Kd1 Qxf1+ 39. Kd2 Qc1+ 0-1

[Event "Sao Sebastiao do Paraiso op"]
[Site "Sao Sebastiao do Paraiso"]
[Date "2016.10.23"]
[Round "5"]
[White "De Paula, Patrick Borges"]
[Black "Kourani, Tarik Ferreira"]
[Result "1-0"]
[WhiteElo "1836"]
[BlackElo "1402"]
[PlyCount "57"]
[EventDate "2016.10.21"]
[EventType "swiss"]
[EventRounds "5"]
[EventCountry "BRA"]
[SourceTitle "CBM 175 Extra"]
[Source "ChessBase"]
[SourceDate "2016.12.12"]
[SourceVersion "1"]
[SourceVersionDate "2016.12.12"]
[SourceQuality "1"]

1. d4 f5 2. g3 Nf6 3. Bg2 e6 4. c4 Be7 5. Nc3 c6 6. d5 cxd5 7. cxd5 exd5 8. Bf4 Qb6 9. Qb3 Qxb3 10. axb3 Bb4 11. Bd2 Na6 12. Nxd5 Bxd2+ 13. Kxd2 Nxd5 14. Bxd5 Nc7 15. Bg2 0-0 16. Nh3 Ne6 17. Rhd1 f4 18. Ke1 fxg3 19. hxg3 Nc5 20. b4 Na6 21. Rxa6 bxa6 22. Bxa8 d6 23. Bd5+ Kh8 24. Nf4 g5 25. Ng2 h5 26. Rd4 Kg7 27. Bf3 g4 28. Be4 Re8 29. Bd3 1-0

[Event "Sao Sebastiao do Paraiso op"]
[Site "Sao Sebastiao do Paraiso"]
[Date "2016.10.22"]
[Round "3"]
[White "De Paula, Patrick Borges"]
[Black "Rosa, Edelvan Marques"]
[Result "1-0"]
[WhiteElo "1836"]
[BlackElo "1710"]
[PlyCount "45"]
[EventDate "2016.10.21"]
[EventType "swiss"]
[EventRounds "5"]
[EventCountry "BRA"]
[SourceTitle "CBM 175 Extra"]
[Source "ChessBase"]
[SourceDate "2016.12.12"]
[SourceVersion "1"]
[SourceVersionDate "2016.12.12"]
[SourceQuality "1"]

1. e4 e5 2. Nc3 Nf6 3. Bc4 c6 4. Qe2 Bc5 5. Nf3 d6 6. d3 h6 7. h3 b5 8. Bb3 b4 9. Na4 Nbd7 10. 0-0 a5 11. Rd1 Ba6 12. Bc4 Bxc4 13. dxc4 Qe7 14. Kf1 0-0 15. Nh4 Rad8 16. Nf5 Qe6 17. Qd3 Ne8 18. b3 h5 19. Qg3 Kh7 20. Qg5 Qf6 21. Qxh5+ Kg8 22. Bg5 Qe6 23. Ne7+ 1-0

[Event "Ipatinga op"]
[Site "Ipatinga"]
[Date "2016.07.23"]
[Round "3"]
[White "De Freitas, Julio Eimard"]
[Black "De Paula, Patrick Borges"]
[Result "1/2-1/2"]
[WhiteElo "1885"]
[BlackElo "1906"]
[PlyCount "80"]
[EventDate "2016.07.22"]
[EventType "swiss"]
[EventRounds "5"]
[EventCountry "BRA"]
[SourceTitle "EXT 2017"]
[Source "ChessBase"]
[SourceDate "2016.10.25"]
[SourceVersion "1"]
[SourceVersionDate "2016.10.25"]
[SourceQuality "1"]

1. d4 Nf6 2. c4 e6 3. Nc3 Bb4 4. Qc2 c5 5. dxc5 Nc6 6. Nf3 0-0 7. g3 e5 8. Bg2 Qa5 9. 0-0 Bxc3 10. Qxc3 Qxc3 11. bxc3 Ne4 12. Bb2 Nxc5 13. Rad1 Na4 14. Ba1 Rd8 15. Rd6 Kf8 16. Rfd1 Ke7 17. Ne1 Nb6 18. c5 Nc4 19. R6d3 d6 20. cxd6+ Rxd6 21. Bd5 N6a5 22. Nf3 f6 23. Nd2 Nxd2 24. R1xd2 Be6 25. c4 Rad8 26. Bc3 Nc6 27. e4 Kf7 28. f4 g6 29. Kf2 a5 30. a3 R6d7 31. Ke3 Ke7 32. c5 exf4+ 33. gxf4 f5 34. Bxc6 Rxd3+ 35. Rxd3 Rxd3+ 36. Kxd3 bxc6 37. Bxa5 fxe4+ 38. Kxe4 Bb3 39. Ke5 Ba4 40. f5 gxf5 1/2-1/2

[Event "Ipatinga op"]
[Site "Ipatinga"]
[Date "2016.07.23"]
[Round "2"]
[White "De Paula, Patrick Borges"]
[Black "Camargo, Eduardo Altamiro So"]
[Result "0-1"]
[WhiteElo "1906"]
[BlackElo "1610"]
[PlyCount "60"]
[EventDate "2016.07.22"]
[EventType "swiss"]
[EventRounds "5"]
[EventCountry "BRA"]
[SourceTitle "EXT 2017"]
[Source "ChessBase"]
[SourceDate "2016.10.25"]
[SourceVersion "1"]
[SourceVersionDate "2016.10.25"]
[SourceQuality "1"]

1. f4 c5 2. Nf3 Nc6 3. e3 d6 4. b3 e5 5. fxe5 dxe5 6. Nc3 Be6 7. Bb5 Bd6 8. Bb2 Nge7 9. 0-0 Qc7 10. Ng5 0-0-0 11. Nxf7 Bxf7 12. Rxf7 e4 13. Nxe4 Bxh2+ 14. Kh1 Be5 15. Nc3 Qd6 16. Bxc6 Nxc6 17. Qg4+ Kb8 18. Ne4 Qh6+ 19. Kg1 Qh2+ 20. Kf2 Bxb2 21. Rf1 Ne5 22. Rxb7+ Kxb7 23. Nxc5+ Kc6 24. Qa4+ Kxc5 25. d4+ Kb6 26. Qb4+ Kc7 27. Qa5+ Kb8 28. Qb5+ Ka8 29. dxe5 Rhf8+ 30. Ke2 Qxg2+ 0-1

[Event "Pocos de Caldas op"]
[Site "Pocos de Caldas"]
[Date "2016.02.28"]
[Round "6"]
[White "Borges, Victor Hugo Moreira"]
[Black "De Paula, Patrick Borges"]
[Result "1-0"]
[WhiteElo "2194"]
[BlackElo "1886"]
[PlyCount "87"]
[EventDate "2016.02.26"]
[EventType "swiss"]
[EventRounds "6"]
[EventCountry "BRA"]
[SourceTitle "CBM 171 Extra"]
[Source "ChessBase"]
[SourceDate "2016.04.26"]
[SourceVersion "1"]
[SourceVersionDate "2016.04.26"]
[SourceQuality "1"]

1. e4 c5 2. Nf3 e6 3. d4 cxd4 4. Nxd4 a6 5. Bd3 b5 6. 0-0 Bb7 7. a4 b4 8. Nd2 Qc7 9. Nc4 Nf6 10. e5 Nd5 11. Qg4 Nc6 12. Nxc6 Bxc6 13. a5 Rc8 14. Bd2 Bb5 15. b3 f5 16. Qh5+ g6 17. Qh4 Be7 18. Bg5 Bxg5 19. Qxg5 Bxc4 20. bxc4 Ne7 21. f4 Ng8 22. h4 Qd8 23. Rfb1 Qc7 24. Kh2 Rb8 25. h5 Qc5 26. Rd1 Qf8 27. Be2 Qh6 28. Qxh6 Nxh6 29. Rd6 Ke7 30. Rxa6 Ra8 31. Rb6 Rhb8 32. Rxb8 Rxb8 33. a6 Ng4+ 34. Kg3 Ne3 35. a7 Ra8 36. Bf3 Nxc2 37. Bxa8 Nxa1 38. Bf3 b3 39. a8Q Nc2 40. Qb8 Na1 41. h6 g5 42. fxg5 b2 43. Qxb2 f4+ 44. Kxf4 1-0

[Event "Pocos de Caldas op"]
[Site "Pocos de Caldas"]
[Date "2016.02.28"]
[Round "5"]
[White "De Paula, Patrick Borges"]
[Black "Rodrigues, Nei Jorge"]
[Result "1/2-1/2"]
[WhiteElo "1886"]
[BlackElo "2028"]
[PlyCount "132"]
[EventDate "2016.02.26"]
[EventType "swiss"]
[EventRounds "6"]
[EventCountry "BRA"]
[SourceTitle "EXT 2017"]
[Source "ChessBase"]
[SourceDate "2016.10.25"]
[SourceVersion "1"]
[SourceVersionDate "2016.10.25"]
[SourceQuality "1"]

1. e4 e6 2. d3 d5 3. Nd2 b6 4. g3 Bb7 5. Bg2 g6 6. Ngf3 Bg7 7. 0-0 Ne7 8. Re1 0-0 9. c3 Nd7 10. Nf1 dxe4 11. dxe4 Nc5 12. Qc2 Qd3 13. Qxd3 Nxd3 14. Re2 c5 15. Ne1 Ne5 16. Bf4 N7c6 17. Rd1 Ba6 18. Rc2 Rad8 19. Rcd2 Rc8 20. Ne3 c4 21. Bf1 Bf6 22. h4 Rfd8 23. Rxd8+ Rxd8 24. Rxd8+ Bxd8 25. Bxe5 Nxe5 26. f4 Nd7 27. Nxc4 Nc5 28. Nd6 Be7 29. e5 Bxd6 30. exd6 Bxf1 31. Kxf1 Kf8 32. Nf3 Ne4 33. d7 Ke7 34. Kg2 Kxd7 35. Ng5 Nxg5 36. hxg5 Ke7 37. Kf3 f6 38. Ke4 fxg5 39. fxg5 Kd6 40. c4 a5 41. Kd4 a4 42. g4 Kc6 43. Ke5 Kc5 44. Kxe6 Kxc4 45. Kf7 Kd3 46. Kg8 Kc2 47. Kxh7 Kxb2 48. Kxg6 Kxa2 49. Kh7 Kb1 50. g6 a3 51. g7 a2 52. g8Q a1Q 53. Qb3+ Kc1 54. Qe3+ Kc2 55. Qe4+ Kd2 56. Qg2+ Kd3 57. Qf3+ Kd2 58. Qf2+ Kd3 59. Qxb6 Qh1+ 60. Kg6 Qe4+ 61. Kg5 Qe5+ 62. Kg6 Qe4+ 63. Kh5 Qh1+ 64. Kg6 Qe4+ 65. Kf6 Qf4+ 66. Ke7 Qxg4 1/2-1/2

[Event "Juiz de Fora Summer op"]
[Site "Juiz de Fora"]
[Date "2015.08.23"]
[Round "6"]
[White "De Paula, Patrick Borges"]
[Black "Cardoso, Marcio de Lucca"]
[Result "1/2-1/2"]
[WhiteElo "1847"]
[BlackElo "1813"]
[PlyCount "52"]
[EventDate "2015.08.21"]
[EventType "swiss"]
[EventRounds "6"]
[EventCountry "BRA"]
[SourceTitle "EXT 2016"]
[Source "ChessBase"]
[SourceDate "2015.10.08"]
[SourceVersion "1"]
[SourceVersionDate "2015.10.08"]
[SourceQuality "1"]

1. d4 d5 2. c4 c6 3. Nf3 e6 4. Nc3 Nf6 5. Bg5 Nbd7 6. e3 Qa5 7. Bxf6 Nxf6 8. Nd2 Bb4 9. Qb3 0-0 10. a3 Be7 11. Rc1 Qb6 12. Bd3 Bd7 13. 0-0 Rfe8 14. Rfd1 Bf8 15. Qc2 g6 16. cxd5 cxd5 17. Qb3 Qxb3 18. Nxb3 Rac8 19. Bb5 a6 20. Bxd7 Nxd7 21. Na4 b6 22. Kf1 Rc4 23. Rxc4 dxc4 24. Nd2 b5 25. Nc3 Nb6 26. Ke2 Nd5 1/2-1/2